| 000 | 00641nam a2200193 i 4500 | ||
|---|---|---|---|
| 001 | 80872 | ||
| 003 | ES-MaACL | ||
| 005 | 20230906174322.0 | ||
| 007 | t| | ||
| 008 | 041102s1962 sp ||||1| spa d | ||
| 100 | 1 |
_aHoussiaux, Jacques. _964357 |
|
| 245 | 1 | 0 |
_aConcurrencia y mercado común / _cpor Jacques Houssiaux ; por prefacio por André Marchal ; traducido por Fernando de la Puente y F. Ullivarri. |
| 260 |
_aBilbao : _bDeusto, _c[1962] |
||
| 300 |
_a266 p. ; _c24 cm. |
||
| 700 | 1 |
_aMarchal, André. _976404 |
|
| 700 | 1 |
_aPuente, Fernando de la. _994141 |
|
| 700 | 1 |
_aUllivarri, F. _9111928 |
|
| 852 |
_aES-MaACL _jC-22763 _bR.51576 |
||
| 999 |
_c80872 _d80872 |
||